Mort subite - Roland-Garros 2025 - Statistiques

Statistiques générales
  • Ce quiz a été pris 185 fois
  • Le résultat moyen est 7 sur 16
Answers on the Grid
Answers color-coded by a green-red scale on the quiz's grid according to % correct below.
Alizé Cornet
Gaël Monfils
Luca Van Assche
Arthur Fils
Kristina Mladenovic
Caroline Garcia
Richard Gasquet
Benoît Paire
Adrian Mannarino
Lucas Pouille
Loïs Boisson
Elsa Jacquemot
Clara Burel
Océane Dodin
Arthur Cazaux
Alexandre Müller
Varvara Gracheva
Arthur Géa
Clément Tabur
Carole Monnet
Ugo Humbert
Giovanni Mpetshi Perricard
Jessika Ponchet
Fiona Ferro
Harmony Tan
Léolia Jeanjean
Corentin Moutet
Constant Lestienne
Harold Mayot
Benjamin Bonzi
 
Statistiques - réponses
Réponse % Correct
Loïs Boisson
67%
Gaël Monfils
62%
Arthur Fils
61%
Corentin Moutet
57%
Richard Gasquet
54%
Ugo Humbert
54%
Giovanni Mpetshi Perricard
51%
Alexandre Müller
43%
Elsa Jacquemot
39%
Caroline Garcia
38%
Léolia Jeanjean
38%
Arthur Cazaux
34%
Benjamin Bonzi
33%
Varvara Gracheva
30%
Clément Tabur
16%
Carole Monnet
9%
Aucun quiz correspondant
Distribution des résultats
% des personnes avec chaque résultat
Percentile par nombre de réponses
Votre historique - résultats
Vous n’avez pas pris ce quiz